000
00471nam a2200169Ia 4500
008
090711s9999 xx 000 0 und d
082
_b
137
100
_a
दळवी श्रीकांत
245
_a
जीवन मरण
260
_c
1997
300
_a
250
600
_a
दळवी श्रीकांत
630
_a
जीवन मरण
700
_a
दळवी श्रीकांत
730
_a
जीवन मरण
942
_c
BOOK
999
_c
323778
_d
323778